Nombra un país asiático válido - Estadísticas

Estadísticas generales
  • Esta prueba ha sido intentada 14.246 veces
  • La puntuación promedio es 15 de 20
Estadísticas de respuestas
Nombra un país asiático … Países válidos % Correcto
con más de mil millones de personas China | India
100%
que limita con Irán Afganistán | Armenia | Azerbaiyán | Irak | Pakistán | Turquía | Turkmenistán
95%
cuyo nombre es más de una palabra Arabia Saudita | Corea del Norte | Corea del Sur | Emiratos Árabes Unidos | Sri Lanka | Timor Oriental
93%
que era parte de la Unión Soviética Armenia | Azerbaiyán | Georgia | Kazajistán | Kirguistán | Tayikistán | Turkmenistán | Uzbekistán
88%
que limita con China y Rusia Corea del Norte | Kazajistán | Mongolia
88%
donde el inglés es un idioma oficial Brunéi | Filipinas | India | Pakistán | Singapur
84%
con menos de un millón de personas Bután | Brunéi | Maldivas
84%
con una esperanza de vida de menos de 68 años Afganistán | Laos | Myanmar | Pakistán | Siria | Turkmenistán | Yemen
83%
Cuya capital es de dos palabras Camboya | Emiratos Árabes Unidos | India | Malasia | Mongolia
77%
que tiene disputas territoriales con China Bután | Brunéi | Filipinas | India | Indonesia | Japón | Malasia | Taiwán | Vietnam
73%
que está gobernado por un monarca absoluto Arabia Saudita | Brunéi | Catar | Omán
69%
con una superficie inferior a 50.000 km2 Armenia | Baréin | Bután | Brunéi | Catar | Chipre | Israel | Kuwait | Líbano | Maldivas | Singapur | Taiwán | Timor Oriental
68%
cuyo nombre contiene la letra Y (sin incluir el Yemen) Azerbaiyán | Camboya | Myanmar | Tayikistán
68%
donde el río Mekong fluye a través de China | Myanmar | Laos | Tailandia | Camboya | Vietnam
68%
cuyo capital comienza con K Afganistán | Nepal | Malasia | Kuwait
61%
con tierra en el ecuador Indonesia
61%
con menos de 15 centímetros de precipitación anual Arabia Saudita | Baréin | Catar | Emiratos Árabes Unidos | Kuwait | Omán
60%
que es miembro de la OTAN Turquía
60%
con una renta per cápita de al menos 100.000 dólares (2019, PPP) Catar | Singapur
58%
que toca el mar Caspio Azerbaiyán | Irán | Kazajistán | Turkmenistán
56%
No se encontraron pruebas coincidentes
Distribución de puntuación
Porcentaje de gente con cada puntuación
Porcentaje por número respondido
Historial de tus puntuaciones
No has intentado esta prueba.